Java enterprise best practices
Đã lưu trong:
| 主要作者: | |
|---|---|
| 格式: | 图书 |
| 语言: | Undetermined |
| 出版: |
Beijing, China
O'Reilly Beijing
2003
|
| 主题: | |
| 标签: |
添加标签
没有标签, 成为第一个标记此记录!
|
| Thư viện lưu trữ: | Trung tâm Học liệu Trường Đại học Cần Thơ |
|---|
| LEADER | 00517nam a2200181Ia 4500 | ||
|---|---|---|---|
| 001 | CTU_58128 | ||
| 008 | 210402s9999 xx 000 0 und d | ||
| 082 | |a 005.133 | ||
| 082 | |b O.66 | ||
| 100 | |a The O'Reilly Java Authors | ||
| 245 | 0 | |a Java enterprise best practices | |
| 245 | 4 | |c The O'Reilly Java Authors | |
| 260 | |a Beijing, China | ||
| 260 | |b O'Reilly Beijing | ||
| 260 | |c 2003 | ||
| 650 | |a java ( computer program language ) | ||
| 904 | |i Minh | ||
| 980 | |a Trung tâm Học liệu Trường Đại học Cần Thơ | ||